00425nam a2200169Ia 4500003000400000005001700004008004100021020001500062050002500077100002400102245004000126260003500166300003300201440000600234521000700240526000800247OSt20140311163104.0140130s9999 xx 000 0 und d a0439120616 aPZ 7b.Sl6334Ca 1999 aSlobodkina, Esphyr  aCaps for Sale /cEsphyr Slobodkina. bScholastic,c1999.aNew York : a30 p. :bcol. ill. ;c26 cm. v1 aG2 c480